000 00888nam a2200181Ia 4500
008 151202s9999||||xx |||||||||||||| ||und||
082 _bPNVM-74258
100 _aदेशपांडे रमाकांत.
245 _aनाना भरारी-एका क्रांतिकारकाची धगधगती जीवनकथा.
260 _b"मनोरमा प्रकाशन ,दादर."
260 _c74258
300 _a176
600 _aदेशपांडे रमाकांत.
630 _aनाना भरारी-एका क्रांतिकारकाची धगधगती जीवनकथा.
700 _aदेशपांडे रमाकांत.
730 _aनाना भरारी-एका क्रांतिकारकाची धगधगती जीवनकथा.
942 _cBOOK
999 _c1340919
_d1340916